000 00311nam a2200109Ia 4500
008 200302s9999 xx 000 0 und d
100 _aKenneth Woodbridge
245 _aPrincely Gardens The Origins and Development of the French formal Style
260 _bThames and Hudson Inc.
260 _c1986
300 _a320 P.,
999 _c586
_d586